| 000 | 00860nas a2200289 4500 | ||
|---|---|---|---|
| 001 | BR8904299 | ||
| 003 | BR-BrBNA | ||
| 005 | 20231205091701.0 | ||
| 007 | ta | ||
| 008 | 230509b bl.|||p| |||| 00| 00por d | ||
| 040 |
_aBR-BrBNA _bpor _cBiblioteca Nacional de Agricultura |
||
| 041 | _a(Pt) | ||
| 072 | _aF30; P33 | ||
| 100 | 1 | _aBorges, E.N. | |
| 100 | 1 | _aNovais, R.F. de | |
| 100 | 1 | _aRegazzi, A.J. | |
| 100 | 1 | _aFernandes, B. | |
| 100 | 1 | _aBarros, N.F. de | |
| 245 | 1 |
_aRespostas de variedades de soja a compactacao de camadas de solo _bParte de Tese |
|
| 650 | _aSOJA | ||
| 650 | _aVARIEDADE | ||
| 650 | _aCONDUTIVIDADE HIDRAULICA | ||
| 650 | _aCOMPACTACAO DO SOLO | ||
| 773 | 0 |
_tRevista Ceres (Brazil) _xISSN 0034-737X _g(Nov-Dec 1988), v. 35(202) p. 553-568 _wBR8904299 |
|
| 909 |
_a202311 _bLúcia _c55 _dLúcia Elande |
||
| 942 |
_2AGRIS _n0 _cANA |
||
| 999 |
_c126671 _d126671 |
||